ا شک کر بلا (Record no. 173362)

MARC details
000 -LEADER
fixed length control field 00641nam a22001937a 4500
005 - DATE AND TIME OF LATEST TRANSACTION
control field 20200222113356.0
010 ## - LCCN (DPL NO)
LC control number UR-10708
020 ## - INTERNATIONAL STANDARD BOOK NUMBER
Terms of availability 100.00
International Standard Book Number -
035 ## - SYSTEM CONTROL NUMBER
System control number U-9263
037 ## - SOURCE OF ACQUISITION
Source of stock number/acquisition DBAD/PUB
Stock number -
082 ## - DEWEY DECIMAL CLASSIFICATION NUMBER
Classification number 841
100 ## - MAIN ENTRY--PERSONAL NAME
Personal name Tranlated by Kausar Siddiqui
245 ## - TITLE STATEMENT
Title ا شک کر بلا
Statement of responsibility, etc متر جم:کو ثر صد يقی
246 ## - VARYING FORM OF TITLE
Remainder of title Ashk-e-Karbala (Urdu)
Title proper/short title Translated by Kausar Siddiqui
260 ## - PUBLICATION, DISTRIBUTION, ETC. (IMPRINT)
Place of publication, distribution, etc Delhi
Name of publisher, distributor, etc Educational Publishing house
Date of publication, distribution, etc 2019 ء
270 ## - ADDRESS
Address 3191,Vakil Street,Kucha Pandit,Lal Kuan,
City Delhi
Postal code 11000609926404171
Telephone number -
Fax number -
300 ## - PHYSICAL DESCRIPTION
Extent 120 ص
Dimensions 22 Cm(Hb)
942 ## - ADDED ENTRY ELEMENTS (KOHA)
Source of classification or shelving scheme Dewey Decimal Classification
Item type Urdu Bks
Classification part 841
Call number suffix ا ن ي
Holdings
Withdrawn status Lost status Not for loan Collection code Home library Current library Date acquired Source of acquisition Cost, normal purchase price Full call number Barcode Copy number Cost, replacement price Koha item type
      Non-fiction Central Library Central Library 22/02/2020 BPPD/Ven. 100.00 841 ا ن ي U-9263 1 100.00 Urdu Bks

© Delhi Public Library
Hit Counter
free hit counter